| 000 | 00602nam a2200193 4500 | ||
|---|---|---|---|
| 001 | 110156 | ||
| 003 | ES-MaACL | ||
| 007 | t| | ||
| 008 | 061121s1902 sp r ||||1| spa d | ||
| 100 | 1 |
_aOcantos, Carlos María. _986453 |
|
| 245 | 1 | 0 |
_aDon perfecto / _cCarlos María Ocantos; edición ilustrada por J. Cabrinety. |
| 260 |
_aBarcelona : _bMontaner y Simón, _c1902. |
||
| 300 |
_a295 p., 15 lám : _bil. ; _c24 cm. |
||
| 490 | 1 | _aNovelas argentinas | |
| 700 | 1 |
_aCabrinety, J. _933330 |
|
| 830 | 0 |
_aNovelas argentinas _9233008 |
|
| 852 |
_aES-MaACL _jB-9525 _bR.18648 |
||
| 999 |
_c110156 _d110156 |
||